MCSE planning a Windows Server 2003 network infrastructure : Study guide ( Exam 70 - 293)
Đã lưu trong:
| 主要作者: | |
|---|---|
| 格式: | 圖書 |
| 語言: | Undetermined |
| 出版: |
New York, NY
McGraw-Hill/Osborne
2004
|
| 主題: | |
| 標簽: |
添加標簽
沒有標簽, 成為第一個標記此記錄!
|
| Thư viện lưu trữ: | Trung tâm Học liệu Trường Đại học Cần Thơ |
|---|
| LEADER | 00648nam a2200217Ia 4500 | ||
|---|---|---|---|
| 001 | CTU_64873 | ||
| 008 | 210402s9999 xx 000 0 und d | ||
| 020 | |c 680000 | ||
| 082 | |a 005.43769 | ||
| 082 | |b H891 | ||
| 100 | |a Huggins, Diana | ||
| 245 | 0 | |a MCSE planning a Windows Server 2003 network infrastructure : | |
| 245 | 0 | |b Study guide ( Exam 70 - 293) | |
| 245 | 0 | |c Diana Huggins | |
| 260 | |a New York, NY | ||
| 260 | |b McGraw-Hill/Osborne | ||
| 260 | |c 2004 | ||
| 650 | |a Computer networks,Windows ( computer programs ) | ||
| 650 | |x Computer programs | ||
| 904 | |i Minh,Hải | ||
| 980 | |a Trung tâm Học liệu Trường Đại học Cần Thơ | ||